00658nam a22001697a 4500020001800000041000800018082001800026100002800044245009200072260005200164300000800216650002600224942000700250952010700257952010700364999001700471 a9788198732682 aENG a285.9144bSUR aSurya Prakash Perumalla aTreasures in Earthen Vessels : Past-Present-Future Medak and karimnagar Dioceses of CSI aHyderabadbGood News Broadcasting Societyc2025 a424 aChurch of South India cBK 00104070aHMIbHMIcGENd2025-10-13eDirectorl0o285.9144 SURp11004902r2026-01-16w2026-01-16yBK 00104070aHMIbHMIcGENd2025-10-13eDirectorl0o285.9144 SURp11004903r2026-01-16w2026-01-16yBK c23632d23632